000 00313nam a22001337a 4500
008 190205b xxu||||| |||| 00| 0 eng d
020 _a9781851709199
041 _aeng
080 _a721
100 _a41
101 _aARK
245 _aA Concise Glossary of Architectural terms
_cParker,J.H
942 _2udc
_cBK
999 _c54065
_d54065